World economic outlook. October 1999 <a> survey by the staff of the International Monetary Fund

Saved in:
Bibliographic Details
Format: Book
Language:English
Published: Washington IMF 1999
Series:World economic and financial surveys
Subjects:
Tags: Add Tag
No Tags, Be the first to tag this record!

MARC

LEADER 00000nam a2200000 4500
001 c117549
005 20240111125003.4
020 |a 1-55775-839-5 
041 0 |a eng 
044 |a US 
245 1 0 |a World economic outlook. October 1999  |b <a> survey by the staff of the International Monetary Fund 
264 1 |a Washington  |b IMF  |c 1999 
300 |a 253 s. 
490 1 |a World economic and financial surveys 
830 0 |a World economic and financial surveys 
610 2 0 |a situácia hospodárska 
610 2 0 |a politika hospodárska 
610 2 0 |a krajiny rozvojové 
610 2 0 |a krajiny vyspelé 
610 2 0 |a obdobie prechodné 
610 2 0 |a vývoj hospodársky 
610 2 0 |a ukazovatele ekonomické 
610 2 0 |a údaje štatistické 
610 2 0 |a porovnanie štatistické medzinárodné 
610 2 0 |a svet